Fr. Conceicao Rodrigues College of Engineering

A text book of Purchase Management (Record no. 32992)

MARC details
000 -LEADER
fixed length control field 00341nam a2200157Ia 4500
082 ## - DEWEY DECIMAL CLASSIFICATION NUMBER
Classification number 658.723
Item number JHA
100 ## - MAIN ENTRY--PERSONAL NAME
Personal name Jhamb / L.C
245 ## - TITLE STATEMENT
Title A text book of Purchase Management
260 ## - PUBLICATION, DISTRIBUTION, ETC.
Name of publisher, distributor, etc. Everest Pub. House
Date of publication, distribution, etc. 1999
366 ## - TRADE AVAILABILITY INFORMATION
Publishers's discount category 10
300 ## - PHYSICAL DESCRIPTION
Extent 790
546 ## - LANGUAGE NOTE
Language note ENGLISH
654 ## - SUBJECT ADDED ENTRY--FACETED TOPICAL TERMS
Focus term purchase management
942 ## - ADDED ENTRY ELEMENTS (KOHA)
Koha item type BOOK
Holdings
Withdrawn status Lost status Damaged status Not for loan Collection Home library Current library Date acquired Source of acquisition Cost, normal purchase price Inventory number Total Checkouts Full call number Barcode Date last seen Cost, replacement price Price effective from Koha item type
        CRC Fr. Agnel's C.Rodrigues College of Engineering Fr. Agnel's C.Rodrigues College of Engineering 17/03/2023 Unique Book Distributors 322.20 5051 dt 01/10/2004   658.723 JHA 15219 17/03/2023 358.00 01/10/2004 BOOK
        CRC Fr. Agnel's C.Rodrigues College of Engineering Fr. Agnel's C.Rodrigues College of Engineering 17/03/2023 Unique Book Distributors 322.20 5051 dt 01/10/2004   658.723 JHA 15220 17/03/2023 358.00 01/10/2004 BOOK